00382nam a2200145 45000010006000000050017000060080041000230200015000640350003000790410007000821000021000892450054001102600061001643000011002252108320230411085951.0060907n2004 dr spa  a8497341724  aES aOlmos, Víctor1 aUn día en la vida de el mundo /cVíctor Olmos aMadrid :bEditorial La Esfera de los Libros,c2004  a351 p.